201 super sales tips : Field-tested strategies for painless prospecting, perfect presentations, and a quick close every time
This book delivers hundreds of tested-in-the-trenches strategies guaranteed to dramatically boost your productivity and profits. Through in-their-own-words stories contributed by the readers of Selling Power magazine-the world's foremost magazine for sales professionals-you'll learn surefi...
Sparad:
| Huvudupphovsman: | |
|---|---|
| Materialtyp: | Bok |
| Språk: | Undetermined |
| Publicerad: |
New York, N.Y.
McGraw Hill
2006
|
| Ämnen: | |
| Taggar: |
Lägg till en tagg
Inga taggar, Lägg till första taggen!
|
| Thư viện lưu trữ: | Trung tâm Học liệu Trường Đại học Cần Thơ |
|---|
| LEADER | 01230nam a2200217Ia 4500 | ||
|---|---|---|---|
| 001 | CTU_124017 | ||
| 008 | 210402s9999 xx 000 0 und d | ||
| 020 | |c 351000 | ||
| 082 | |a 658.85 | ||
| 082 | |b G895 | ||
| 100 | |a Gschwandtner, Gerhard | ||
| 245 | 0 | |a 201 super sales tips : | |
| 245 | 0 | |b Field-tested strategies for painless prospecting, perfect presentations, and a quick close every time | |
| 245 | 0 | |c Compiled by Gerhard Gschwandtner ; The editors of Selling Power | |
| 260 | |a New York, N.Y. | ||
| 260 | |b McGraw Hill | ||
| 260 | |c 2006 | ||
| 520 | |a This book delivers hundreds of tested-in-the-trenches strategies guaranteed to dramatically boost your productivity and profits. Through in-their-own-words stories contributed by the readers of Selling Power magazine-the world's foremost magazine for sales professionals-you'll learn surefire tips for: Jazzing up presentations; Tracking down elusive prospects; Getting prospects to return calls; Mining million-dollar leads in overlooked places; Becoming a power listener; Getting past the gatekeepers; Partnering with customers; Staying motivated and focused. | ||
| 650 | |a Selling | ||
| 904 | |i Minh | ||
| 980 | |a Trung tâm Học liệu Trường Đại học Cần Thơ | ||